Statistiques concernant Devinez le Département Mystère #5

Cliquez ici pour prendre le quiz!

Statistiques générales

  • Ce quiz a été pris 217 fois
  • Le résultat moyen est 30 sur 32

Statistiques - réponses

Type de RéponseRéponse% Correct
Lettre de l'AlphabetN
100%
Lettre de l'AlphabetA
99%
Lettre TrouvéeE
99%
Lettre TrouvéeO
99%
Lettre TrouvéeR
99%
Lettre de l'AlphabetS
99%
Lettre de l'AlphabetD
97%
Lettre de l'AlphabetH
97%
Lettre TrouvéeI
97%
Lettre de l'AlphabetV
96%
Lettre de l'AlphabetB
94%
Lettre de l'AlphabetC
94%
Lettre Bien PlacéeE
94%
Lettre TrouvéeL
94%
Lettre de l'AlphabetM
94%
Lettre de l'AlphabetT
94%
Lettre de l'AlphabetU
94%
Lettre de l'AlphabetG
92%
Lettre de l'AlphabetY
92%
Lettre de l'AlphabetP
91%
Lettre de l'AlphabetF
90%
Lettre Bien PlacéeR
90%
Lettre Bien PlacéeO
89%
Lettre de l'AlphabetQ
89%
Lettre de l'AlphabetX
88%
Lettre Bien PlacéeI
87%
Lettre de l'AlphabetJ
87%
Lettre de l'AlphabetK
87%
Lettre Bien PlacéeL
87%
Département MystèreLoire
87%
Lettre de l'AlphabetW
87%
Lettre de l'AlphabetZ
87%

Distribution des résultats

Percentile par nombre de réponses

% des personnes avec chaque résultat

Votre développement - résultats

Vous n’avez pas pris ce quiz